| 000 | 00441nam a22001697a 4500 | ||
|---|---|---|---|
| 999 |
_c527586 _d527586 |
||
| 003 | NUST | ||
| 020 | _qH/B. | ||
| 038 | _awaseem | ||
| 082 |
_a891.4911 _bKAR |
||
| 100 |
_aKartarpuri, Hamid _918918 |
||
| 245 |
_aHaqidat Dy Moti / _cHamid Kartarpuri |
||
| 260 |
_aMultan : _bKitab Nagir, _c2001. |
||
| 300 | _a112 p. ; | ||
| 880 |
_a100-01\r _bحامد کرتاپوری |
||
| 880 |
_a245-02\r _bعقیدت دے موتی / |
||
| 942 |
_2ddc _cBK |
||